[Event "Jakarta Indonesia op 3rd"]
[Site "Jakarta"]
[Date "2013.10.14"]
[Round "7"]
[White "Fauzan, M."]
[Black "Khairul, Anam"]
[Result "0-1"]
[WhiteElo "2221"]
[BlackElo "2301"]
[PlyCount "122"]
[EventDate "2013.10.10"]
[EventType "swiss"]
[EventRounds "11"]
[EventCountry "INA"]
[SourceTitle "CBM 156 Extra"]
[Source "ChessBase"]
[SourceDate "2013.10.22"]
[SourceVersion "1"]
[SourceVersionDate "2013.10.22"]
[SourceQuality "1"]

1. e4 g6 2. d4 Bg7 3. Nc3 c6 4. Bc4 b5 5. Bb3 a5 6. a3 d6 7. Qf3 e6 8. Nge2 Ne7 9. h4 Ba6 10. Be3 Nd7 11. h5 d5 12. hxg6 hxg6 13. Rxh8+ Bxh8 14. Qh3 Bg7 15. Qh7 Kf8 16. Bg5 Nf6 17. Qh4 Nfg8 18. e5 Qc7 19. Nd1 a4 20. Ba2 c5 21. c3 cxd4 22. cxd4 b4 23. Ng3 b3 24. Bb1 Rc8 25. Bd2 Qb6 26. Ne3 Nc6 27. Bc3 Nge7 28. Qf4 Na5 29. Nd1 Ke8 30. Qh4 Rc4 31. Qh7 Bf8 32. Ne2 Nac6 33. Qh3 Qb5 34. Bd3 Nf5 35. Bxf5 exf5 36. Qg3 Nd8 37. Ne3 Qc6 38. Nxc4 Bxc4 39. Qe3 Ne6 40. f4 Bh6 41. g3 g5 42. fxg5 Nxg5 43. Nf4 Ne4 44. 0-0-0 Qg6 45. Kb1 Qxg3 46. Qxg3 Nxg3 47. Bd2 Ne4 48. Bc1 Bg5 49. Rg1 f6 50. Ne6 Nd2+ 51. Ka1 Nf3 52. Rh1 Bxc1 53. Rxc1 fxe5 54. dxe5 Kf7 55. Nf4 Nxe5 56. Rd1 Ng6 57. Nxd5 Bxd5 58. Rxd5 Ke6 59. Ra5 f4 60. Rxa4 Ke5 61. Kb1 f3 0-1

[Event "Jakarta Indonesia op 2nd"]
[Site "Jakarta"]
[Date "2012.10.15"]
[Round "7"]
[White "Guo, Qi"]
[Black "Khairul, Anam"]
[Result "1-0"]
[WhiteElo "2391"]
[BlackElo "2308"]
[PlyCount "61"]
[EventDate "2012.10.11"]
[EventType "swiss"]
[EventRounds "9"]
[EventCountry "INA"]
[SourceTitle "EXT 2013"]
[Source "ChessBase"]
[SourceDate "2012.11.22"]
[SourceVersion "1"]
[SourceVersionDate "2012.11.22"]
[SourceQuality "1"]

1. d4 g6 2. c4 Bg7 3. Nc3 Nf6 4. e4 d6 5. Nf3 0-0 6. Be2 e5 7. 0-0 Na6 8. Re1 Qe8 9. Bg5 h6 10. Bxf6 Bxf6 11. c5 exd4 12. Nd5 Bd8 13. Bxa6 c6 14. Nf4 bxa6 15. cxd6 g5 16. Nd3 Bb6 17. Qc1 Qe6 18. e5 g4 19. Nd2 Qg6 20. Ne4 Bf5 21. Nf4 Qg7 22. Ng3 Qg5 23. Ngh5 Kh8 24. a4 Ba5 25. Ra3 Rae8 26. h4 gxh3 27. Rg3 Bg4 28. gxh3 Rxe5 29. Rxg4 Rxe1+ 30. Qxe1 Qf5 31. Qe7 1-0

[Event "Jakarta Indonesia op 2nd"]
[Site "Jakarta"]
[Date "2012.10.15"]
[Round "6"]
[White "Khairul, Anam"]
[Black "Lioe, Dede"]
[Result "1/2-1/2"]
[WhiteElo "2308"]
[BlackElo "2387"]
[PlyCount "142"]
[EventDate "2012.10.11"]
[EventType "swiss"]
[EventRounds "9"]
[EventCountry "INA"]
[SourceTitle "EXT 2013"]
[Source "ChessBase"]
[SourceDate "2012.11.22"]
[SourceVersion "1"]
[SourceVersionDate "2012.11.22"]
[SourceQuality "1"]

1. d4 d5 2. c4 e6 3. Nc3 Nf6 4. Nf3 Be7 5. Bg5 0-0 6. e3 Nbd7 7. Bd3 b6 8. 0-0 Bb7 9. Qe2 Ne4 10. Bxe7 Qxe7 11. Nd2 Nxd2 12. Qxd2 dxc4 13. Bxc4 c5 14. Rfd1 Rfd8 15. Qe2 Nf6 16. dxc5 Qxc5 17. Ba6 Bc6 18. Qc4 Qxc4 19. Bxc4 Kf8 20. f3 Ke7 21. Kf2 b5 22. Be2 b4 23. Nb5 Rxd1 24. Rxd1 Bxb5 25. Bxb5 Rc8 26. Rd2 Nd5 27. e4 Nb6 28. a4 Rc5 29. Ke2 g5 30. Kd1 h6 31. Rd4 a5 32. g3 f6 33. Kd2 Rc7 34. f4 gxf4 35. gxf4 Rc5 36. Rd3 Nc4+ 37. Bxc4 Rxc4 38. Ke3 Rc1 39. Kd4 Kd6 40. e5+ fxe5+ 41. fxe5+ Kc6 42. Rh3 Rd1+ 43. Kc4 Re1 44. Rxh6 Rxe5 45. h4 Re4+ 46. Kd3 Kd5 47. Rh8 Rg4 48. Rd8+ Kc5 49. Rc8+ Kd5 50. Rd8+ Kc6 51. Ra8 Rg3+ 52. Kc4 Rg4+ 53. Kb3 Rg3+ 54. Kc4 Rg4+ 55. Kb3 Rg3+ 56. Ka2 Kb6 57. Re8 Rg6 58. Rb8+ Ka6 59. Rb5 Rg4 60. h5 Re4 61. Rg5 e5 62. Rg6+ Kb7 63. Re6 Re3 64. h6 Rh3 65. Rxe5 Kb6 66. Re6+ Kc5 67. Rg6 Kc4 68. Rg4+ Kc5 69. Rg5+ Kb6 70. Rg6+ Kc5 71. Ra6 Kc4 1/2-1/2

[Event "Jakarta Indonesia op 1st"]
[Site "Jakarta"]
[Date "2011.10.17"]
[Round "6"]
[White "Ahmadinia, Ebrahim"]
[Black "Khairul, Anam"]
[Result "1-0"]
[WhiteElo "2430"]
[BlackElo "2266"]
[PlyCount "45"]
[EventDate "2011.10.13"]
[EventType "swiss"]
[EventRounds "9"]
[EventCountry "INA"]
[SourceTitle "EXT 2012"]
[Source "ChessBase"]
[SourceDate "2011.11.24"]
[SourceVersion "1"]
[SourceVersionDate "2011.11.24"]
[SourceQuality "1"]

1. e4 e5 2. Nf3 Nc6 3. Bc4 Nf6 4. d3 Be7 5. 0-0 d6 6. c3 0-0 7. Bb3 Bg4 8. h3 Bh5 9. Be3 d5 10. Nbd2 Qd7 11. Ba4 Qd6 12. b4 Rad8 13. Bc5 Qe6 14. Bxc6 bxc6 15. Bxe7 Qxe7 16. Qe2 Nd7 17. Qe3 a6 18. Nb3 f5 19. exf5 Bxf3 20. Qxf3 g6 21. Na5 Rxf5 22. Nxc6 Qd6 23. Qxd5+ 1-0

[Event "Jakarta Indonesia op 1st"]
[Site "Jakarta"]
[Date "2011.10.16"]
[Round "4"]
[White "Khairul, Anam"]
[Black "Torre, Eugenio"]
[Result "1-0"]
[WhiteElo "2266"]
[BlackElo "2520"]
[PlyCount "112"]
[EventDate "2011.10.13"]
[EventType "swiss"]
[EventRounds "9"]
[EventCountry "INA"]
[SourceTitle "EXT 2012"]
[Source "ChessBase"]
[SourceDate "2011.11.24"]
[SourceVersion "1"]
[SourceVersionDate "2011.11.24"]
[SourceQuality "1"]

1. d4 Nf6 2. c4 g6 3. Nc3 Bg7 4. Nf3 0-0 5. g3 d6 6. Bg2 c6 7. 0-0 Qa5 8. e4 Qh5 9. Ng5 Qxd1 10. Rxd1 e5 11. dxe5 dxe5 12. b3 h6 13. Nf3 Bg4 14. Be3 Re8 15. h3 Bxf3 16. Bxf3 Bf8 17. Rd3 Na6 18. Na4 b6 19. Rad1 h5 20. Bg2 Rac8 21. Bg5 Be7 22. f4 Nh7 23. Bxe7 Rxe7 24. Rd8+ Rxd8 25. Rxd8+ Kg7 26. Rd6 h4 27. Kf2 hxg3+ 28. Kxg3 exf4+ 29. Kxf4 Nf8 30. Rxc6 Nb4 31. Rd6 Nxa2 32. h4 Nd7 33. Bh3 Ne5 34. Bf1 Nd7 35. Bh3 Nc5 36. Nxc5 bxc5 37. Bd7 Nc1 38. Ba4 Ne2+ 39. Kf3 Nd4+ 40. Kf4 Rb7 41. Ke5 Ne6 42. Rd7 Rxd7 43. Bxd7 Nd4 44. b4 Nf3+ 45. Kf4 Nd2 46. bxc5 Kf6 47. Bb5 Ke6 48. e5 Ke7 49. c6 Kd8 50. Kg5 Nf3+ 51. Kf6 Kc7 52. Kxf7 Nxh4 53. e6 Nf5 54. Kxg6 Nd6 55. e7 Ne8 56. Kf7 Nd6+ 1-0

[Event "Jakarta Indonesia op 1st"]
[Site "Jakarta"]
[Date "2011.10.14"]
[Round "2"]
[White "Khairul, Anam"]
[Black "Theissl Pokorna, Regina"]
[Result "1-0"]
[WhiteElo "2266"]
[BlackElo "2359"]
[PlyCount "83"]
[EventDate "2011.10.13"]
[EventType "swiss"]
[EventRounds "9"]
[EventCountry "INA"]
[SourceTitle "EXT 2012"]
[Source "ChessBase"]
[SourceDate "2011.11.24"]
[SourceVersion "1"]
[SourceVersionDate "2011.11.24"]
[SourceQuality "1"]

1. d4 Nf6 2. c4 e6 3. Nc3 d5 4. Nf3 Be7 5. Bg5 h6 6. Bh4 0-0 7. e3 b6 8. Rc1 Bb7 9. Be2 Nbd7 10. 0-0 Ne4 11. Bxe7 Qxe7 12. Nd2 Ndf6 13. Ndxe4 Nxe4 14. c5 Nf6 15. Nb5 bxc5 16. Rxc5 c6 17. Nc3 Nd7 18. Ra5 e5 19. Na4 Qb4 20. Qe1 Qxe1 21. Rxe1 exd4 22. exd4 Rfe8 23. f3 Nb6 24. Kf2 Nxa4 25. Rxa4 Kf8 26. Rc1 Ke7 27. Rc5 Kd6 28. Rca5 Reb8 29. Rxa7 Rxa7 30. Rxa7 c5 31. dxc5+ Kxc5 32. Ra5+ Kb6 33. Rb5+ Kc6 34. Rb4 Ra8 35. a3 Bc8 36. Ke3 Bf5 37. Kd4 Ra7 38. Bb5+ Kd6 39. Ra4 Rc7 40. Ra6+ Ke7 41. Bc6 Be6 42. b4 1-0

[Event "Jakarta Indonesia op 1st"]
[Site "Jakarta"]
[Date "2011.10.13"]
[Round "1"]
[White "Paragua, Mark"]
[Black "Khairul, Anam"]
[Result "1/2-1/2"]
[WhiteElo "2533"]
[BlackElo "2266"]
[PlyCount "150"]
[EventDate "2011.10.13"]
[EventType "swiss"]
[EventRounds "9"]
[EventCountry "INA"]
[SourceTitle "EXT 2012"]
[Source "ChessBase"]
[SourceDate "2011.11.24"]
[SourceVersion "1"]
[SourceVersionDate "2011.11.24"]
[SourceQuality "1"]

1. d4 d5 2. c4 c6 3. Nf3 Nf6 4. Nc3 e6 5. Bg5 h6 6. Bh4 dxc4 7. e4 g5 8. Bg3 b5 9. Be2 Bb7 10. h4 g4 11. Ne5 Rg8 12. Nxg4 Nxg4 13. Bxg4 b4 14. Na4 c5 15. d5 exd5 16. exd5 Qxd5 17. Qxd5 Bxd5 18. 0-0-0 Rxg4 19. Rxd5 Rd4 20. Re1+ Be7 21. Rxc5 Nd7 22. Rc6 Kf8 23. Rd1 Rxd1+ 24. Kxd1 Nb6 25. Nxb6 axb6 26. Rxc4 Bc5 27. Bf4 h5 28. f3 Rxa2 29. Kc2 Kg7 30. g4 Kg6 31. Bg5 Ra1 32. Rf4 hxg4 33. fxg4 Rg1 34. Bf6 Rg3 35. h5+ Kh6 36. b3 Rg2+ 37. Kd3 Rg3+ 38. Kc4 Rg2 39. Bd8 Rc2+ 40. Kb5 Rc3 41. Rxf7 Rxb3 42. Rf6+ Kh7 43. g5 Rg3 44. Rh6+ Kg7 45. Bf6+ Kf7 46. Rg6 b3 47. Rg7+ Ke6 48. Kc4 Kd6 49. Rg6 b5+ 50. Kxb5 Kd5 51. Rg8 b2 52. Rd8+ Bd6 53. Bxb2 Rb3+ 54. Ka4 Rxb2 55. g6 Rb4+ 56. Ka5 Rg4 57. h6 Rxg6 58. h7 Rh6 59. h8Q Rxh8 60. Rxh8 Kc6 61. Ka4 Bc5 62. Rc8+ Kd5 63. Kb5 Bd6 64. Rd8 Ke6 65. Kc6 Be7 66. Rd1 Bf6 67. Re1+ Be5 68. Kc5 Kf5 69. Kd5 Bb8 70. Re8 Bc7 71. Re7 Bb8 72. Rb7 Bh2 73. Rb4 Kf6 74. Rb6+ Kg5 75. Re6 Bb8 1/2-1/2

[Event "Tagaytay City zt 3.3"]
[Site "Tagaytay City"]
[Date "2011.05.25"]
[Round "3"]
[White "Bao, Khoa"]
[Black "Khairul, Anam"]
[Result "1-0"]
[WhiteElo "2256"]
[BlackElo "2319"]
[PlyCount "63"]
[EventDate "2011.05.24"]
[EventType "swiss"]
[EventRounds "9"]
[EventCountry "PHI"]
[SourceTitle "EXT 2012"]
[Source "ChessBase"]
[SourceDate "2011.11.24"]
[SourceVersion "1"]
[SourceVersionDate "2011.11.24"]
[SourceQuality "1"]

1. g3 d5 2. Bg2 Nf6 3. Nf3 c5 4. d4 cxd4 5. 0-0 e6 6. b3 Nc6 7. Nxd4 Bc5 8. Bb2 0-0 9. e3 Qe7 10. Nd2 e5 11. Nxc6 bxc6 12. c4 Bb7 13. Qc2 Rad8 14. cxd5 Nxd5 15. Nc4 f6 16. a3 Bb6 17. Rfd1 Bc7 18. e4 Nb6 19. Na5 Bb8 20. Nxc6 Bxc6 21. Qxc6 Rc8 22. Qb5 Rc2 23. Bc1 Rfc8 24. Be3 Kf8 25. Bh3 R8c6 26. Rac1 Rxc1 27. Rxc1 Rxc1+ 28. Bxc1 Bd6 29. a4 Qc7 30. Be3 Qc2 31. a5 Qb1+ 32. Qf1 1-0

[Event "Kuala Lumpur op 4th"]
[Site "Kuala Lumpur"]
[Date "2007.08.21"]
[Round "3"]
[White "Khairul, Anam"]
[Black "Sahari, Abang Mohd Reduan"]
[Result "1-0"]
[WhiteElo "2316"]
[BlackElo "2136"]
[PlyCount "113"]
[EventDate "2007.08.20"]
[EventType "swiss"]
[EventRounds "11"]
[EventCountry "MAS"]
[SourceTitle "CBM 120 Extra"]
[Source "ChessBase"]
[SourceDate "2007.11.01"]
[SourceVersion "1"]
[SourceVersionDate "2007.11.01"]
[SourceQuality "1"]

1. d4 Nf6 2. c4 c5 3. d5 b5 4. cxb5 a6 5. e3 g6 6. Nc3 Bg7 7. Nf3 d6 8. bxa6 Bxa6 9. Bxa6 Rxa6 10. 0-0 0-0 11. Re1 Ng4 12. Re2 Nd7 13. Rc2 Qa5 14. Qe2 Nge5 15. Nxe5 Nxe5 16. Bd2 Rb8 17. Nd1 Qa4 18. Bc3 Rba8 19. b3 Qh4 20. f4 Ng4 21. g3 Qh3 22. Bxg7 Kxg7 23. Nc3 h5 24. e4 Rb6 25. Re1 h4 26. Qg2 Qxg2+ 27. Kxg2 hxg3 28. Kxg3 Nf6 29. e5 Nh5+ 30. Kf3 Kf8 31. Ne4 Ng7 32. Ng3 Rb4 33. Re4 Rab8 34. h4 Ne8 35. Rxb4 Rxb4 36. Rc4 Rb6 37. h5 gxh5 38. Nxh5 Nc7 39. Ke4 Nb5 40. b4 Na3 41. bxc5 Nxc4 42. cxb6 Nxb6 43. Kd4 Ke8 44. Ng7+ Kd7 45. e6+ fxe6 46. dxe6+ Kd8 47. Nf5 Ke8 48. Ne3 Na4 49. Nd5 Kd8 50. f5 Nc5 51. Kc4 Ne4 52. a4 Ng3 53. Ne3 Kc7 54. a5 Kc6 55. a6 d5+ 56. Kd3 Kb6 57. f6 1-0

[Event "Kuala Lumpur op 4th"]
[Site "Kuala Lumpur"]
[Date "2007.08.20"]
[Round "1"]
[White "Khairul, Anam"]
[Black "Taminsyah, Aston"]
[Result "1-0"]
[WhiteElo "2316"]
[BlackElo "1743"]
[PlyCount "64"]
[EventDate "2007.08.20"]
[EventType "swiss"]
[EventRounds "11"]
[EventCountry "MAS"]
[SourceTitle "CBM 120 Extra"]
[Source "ChessBase"]
[SourceDate "2007.11.01"]
[SourceVersion "1"]
[SourceVersionDate "2007.11.01"]
[SourceQuality "1"]

1. d4 d5 2. c4 c6 3. Nf3 e6 4. Nc3 Nf6 5. Bg5 Be7 6. e3 h6 7. Bh4 0-0 8. Bd3 Nbd7 9. 0-0 dxc4 10. Bxc4 b5 11. Bd3 a6 12. Rc1 c5 13. Ne4 c4 14. Nxf6+ Bxf6 15. Be4 Ra7 16. Bg3 Nb6 17. Ne5 Bxe5 18. Bxe5 Bb7 19. Bb1 Ba8 20. Qg4 Qg5 21. Qh3 f5 22. e4 Nd7 23. f4 Qg4 24. Qxg4 fxg4 25. Bd6 Rd8 26. e5 Bd5 27. Rc3 Kf7 28. f5 Kg8 29. Rg3 h5 30. h3 gxh3 31. Rxh3 exf5 32. Bxf5 Bf7 1-0

[Event "Manila PGMA Cup 1st"]
[Site "Manila"]
[Date "2006.11.18"]
[Round "2"]
[White "Khairul, Anam"]
[Black "Laylo, Darwin"]
[Result "0-1"]
[WhiteElo "2351"]
[BlackElo "2448"]
[PlyCount "122"]
[EventDate "2006.11.17"]
[EventType "swiss"]
[EventRounds "9"]
[EventCountry "PHI"]
[SourceTitle "CBM 115 Extra"]
[Source "ChessBase"]
[SourceDate "2007.01.10"]
[SourceVersion "1"]
[SourceVersionDate "2007.01.10"]
[SourceQuality "1"]

1. d4 d5 2. c4 c6 3. Nc3 Nf6 4. Nf3 a6 5. cxd5 cxd5 6. Bf4 e6 7. e3 Be7 8. h3 b5 9. Bd3 Bb7 10. 0-0 0-0 11. Rc1 Nbd7 12. Ne5 Rc8 13. Bb1 Nb6 14. Ne2 Nc4 15. b3 Na3 16. Bd3 Rxc1 17. Qxc1 Qb6 18. Bg5 Rc8 19. Qb2 b4 20. Rc1 Qd8 21. Rxc8 Qxc8 22. Ng4 a5 23. Qc1 Qxc1+ 24. Nxc1 Bc6 25. Nxf6+ gxf6 26. Bf4 Bd8 27. Bd6 Bb5 28. Kf1 f5 29. Ke2 f6 30. Kd2 Kf7 31. g4 fxg4 32. hxg4 Bxd3 33. Nxd3 Nb5 34. Bc5 Bc7 35. f3 e5 36. f4 e4 37. Ne1 f5 38. g5 Nc3 39. a4 Kg6 40. Nc2 Na2 41. Be7 Kf7 42. Bc5 Bd8 43. Ne1 Kg6 44. Nc2 Kh5 45. Bf8 Kg4 46. Bc5 Kf3 47. Bd6 Kf2 48. Bc5 Nc3 49. Bd6 Nb1+ 50. Kc1 Na3 51. Nxb4 axb4 52. Bxb4 Kxe3 53. Bxa3 Kd3 54. Bb4 Bc7 55. a5 Bxf4+ 56. Kb2 Bb8 57. a6 e3 58. Bd6 Ba7 59. b4 e2 60. Bg3 Bxd4+ 61. Kb3 f4 0-1